100 Biggest Cities of Kazakhstan on a Map - Statistics

General Stats
  • This quiz has been taken 391 times
  • The average score is 17 of 100
Answers on the Map
Answers color-coded by a green-red scale on the quiz's map according to % correct below.
 
Answer Stats
Population City % Correct
1,354,507 Astana
97%
2,161,797 Almaty
93%
45,462 Shu
74%
1,192,120 Shymkent
72%
559,911 Aktobe
71%
515,632 Karaganda
66%
263,893 Aktau
64%
316,468 Atyrau
64%
334,096 Pavlodar
59%
253,773 Oral
54%
222,076 Petropavl
54%
308,143 Semey
53%
220,159 Túrkistan
49%
278,638 Kyzylorda
47%
264,466 Kostanay
46%
352,894 Óskemen
46%
427,356 Taraz
45%
174,614 Kokshetau
31%
34,600 Baikonur
28%
168,686 Taldykorgan
26%
73,730 Balkhash
24%
129,000 Ekibastuz
22%
36,956 Aral
21%
74,360 Zhanaozen
20%
28,579 Abay, Karaganda
15%
24,062 Abay, Turkistan
15%
51,623 Aksu
15%
34,114 Aksukent
15%
36,122 Altaı
15%
65,963 Kulsary
15%
45,519 Rıdder
15%
89,092 Jezkazgan
14%
42,268 Ayagoz
12%
57,682 Beyneu
12%
82,393 Kaskelen
12%
112,078 Rudniy
12%
36,357 Aksay
11%
31,185 Lısakov
11%
68,395 Satpayev
11%
171,893 Temirtaý
11%
31,090 Atbasar
10%
52,819 Zharkent
10%
61,485 Saryaǵash
9%
49,599 Stepnogorsk
9%
28,910 Arkalyk
8%
51,996 Arys
8%
41,342 Esik
8%
35,393 Kandyagash
8%
74,474 Kentaý
8%
55,200 Qonayev
8%
28,024 Shalkar
8%
36,898 Shieli
8%
45,134 Zhetisay
8%
22,740 Alǵa
7%
28,501 Karatau
7%
38,968 Korday
7%
33,856 Lenger
7%
34,645 Saran
7%
47,618 Shuchinsk
7%
30,324 Tekeli
7%
32,952 Zhanakorgan
7%
29,032 Shelek
6%
21,199 Úsharal
6%
45,674 Áıteke Bı
5%
51,664 Qosshy
5%
39,188 Shahtinsk
5%
32,101 Shardara
5%
61,224 Zachagansk
5%
25,591 Zhanatas
5%
35,302 Zhetikara
5%
20,256 Zhosaly
5%
35,863 Boralday
4%
22,480 Chundzha
4%
29,348 Derkul
4%
29,985 Hromtaý
4%
32,445 Ótegen Batyr
4%
28,457 Tobyl
4%
47,818 Uzynagash
4%
26,338 Baıserke
2%
34,705 Mańǵystaý
2%
51,561 Qarabulaq
2%
32,672 Sarykemer
2%
28,710 Tasbóget
2%
19,947 Tóle Bı
2%
28,644 Ushkonyr
2%
20,418 Zhetigen
2%
30,124 Zhibek Zholy
2%
29,294 Atameken
1%
31,534 Basqudyq
1%
30,135 Mankent
1%
27,112 Qazyǵurt
1%
25,188 Qyzyltóbe
1%
35,468 Rahat
1%
25,625 Turar Rysqulov
1%
21,693 Tuzdybastaý
1%
20,885 Eski Iqan
0%
30,999 Karagayly
0%
20,781 Muhametjan Týımebaev
0%
32,390 Shubarsý
0%
64,895 Talǵar
0%
No matching quizzes found
Score Distribution
Percent of People with Each Score
Percentile by Number Answered
Your Score History
You have not taken this quiz